000
00333nam a22001457a 4500
008
230317b ||||| |||| 00| 0 eng d
020
_a
9781617317552
041
_a
eng
080
_2
THIRD EDITION
_a
573
082
_a
573PEN
100
_a
16
101
_a
BIOLOGJI
245
_a
EXPLORING BIOLOGY
_c
PENDARVIS P.M
942
_2
udc
_c
BK
999
_c
59380
_d
59380